[Event "8. Lovsprings EMT Basis 3 1996"]
[Site "Ringsted"]
[Date "1996.03.29"]
[Round "4"]
[White "Moller, Claus"]
[Black "Hansen, John Brangstrup"]
[Result "1-0"]
[WhiteElo "1428"]
[BlackElo "1335"]
[PlyCount "33"]
[EventDate "1996.??.??"]

1. e4 c5 2. Nf3 d6 3. d4 cxd4 4. Nxd4 Nf6 5. Nc3 a6 6. Be3 b5 7. Be2 b4 8. Nd5
Nxd5 9. exd5 Bb7 10. Bf3 g6 11. Nc6 Bxc6 12. dxc6 Qc7 13. Qd4 e5 14. Qb6 Qc8
15. Qb7 Qd8 16. c7 Nd7 17. Qxa8 1-0

[Event "8. Lovsprings EMT Basis 3 1996"]
[Site "Ringsted"]
[Date "1996.03.29"]
[Round "4"]
[White "Nielsen, Kurt"]
[Black "Pedersen, Lars"]
[Result "1-0"]
[WhiteElo "1332"]
[BlackElo "1400"]
[PlyCount "49"]
[EventDate "1996.??.??"]

1. d4 d5 2. Nf3 Nf6 3. c4 e6 4. Nc3 c6 5. cxd5 exd5 6. Bf4 Bf5 7. Ne5 Nbd7 8.
Nxd7 Qxd7 9. h3 Bb4 10. a3 Bxc3+ 11. bxc3 Ne4 12. Qc1 O-O 13. f3 Nf6 14. g4 Bg6
15. Bg2 Rfe8 16. h4 Bd3 17. Ra2 Re7 18. Qd1 Bc4 19. Rd2 Rae8 20. Be5 Qe6 21. g5
Nh5 22. Bh3 Qg6 23. Rh2 f6 24. gxf6 Nxf6 25. Qc2 1-0

[Event "8. Lovsprings EMT Basis 3 1996"]
[Site "Ringsted"]
[Date "1996.03.29"]
[Round "4"]
[White "Nielsen, Poul Erik2"]
[Black "Laugesen, Kristian"]
[Result "1-0"]
[WhiteElo "1436"]
[BlackElo "1356"]
[PlyCount "37"]
[EventDate "1996.??.??"]

1. Nf3 d5 2. d4 Nf6 3. c4 dxc4 4. Nc3 Bf5 5. e3 e6 6. Bxc4 Bb4 7. Bd2 O-O 8.
O-O c6 9. a3 Bd6 10. b4 Qc7 11. Rc1 Bg4 12. h3 Bxf3 13. Qxf3 Nbd7 14. Bd3 a6
15. e4 e5 16. d5 c5 17. bxc5 Qxc5 18. Nb5 Qb6 19. Nxd6 1-0

[Event "8. Lovsprings EMT Basis 3 1996"]
[Site "Ringsted"]
[Date "1996.03.29"]
[Round "4"]
[White "Petersen, Torben William"]
[Black "Jensen, Finn Anker"]
[Result "0-1"]
[WhiteElo "1248"]
[BlackElo "1251"]
[PlyCount "97"]
[EventDate "1996.??.??"]

1. d4 Nf6 2. Nf3 c6 3. e3 d6 4. Bd3 Bg4 5. c4 e6 6. Nbd2 Be7 7. O-O h5 8. h3
Bf5 9. Bxf5 exf5 10. Qc2 Qd7 11. c5 d5 12. Ne5 Qe6 13. f4 Nbd7 14. Ndf3 Nxe5
15. fxe5 Ne4 16. Nd2 Rh6 17. Nxe4 fxe4 18. Bd2 Rg6 19. Kh1 Bg5 20. Qb3 O-O-O
21. a4 f6 22. exf6 gxf6 23. a5 a6 24. Qb6 Rdg8 25. Qa7 Bxe3 26. Qa8+ Kc7 27.
Qxg8 Qxg8 28. Bxe3 Rxg2 29. Rxf6 Rxb2 30. Rg1 Qh7 31. Bf4+ Kc8 32. Rf8+ Kd7 33.
Be5 Ke6 34. Rf6+ Ke7 35. Rfg6 Kf8 36. Rf1+ Ke8 37. Re6+ Kd7 38. Rd6+ Ke8 39.
Rdf6 Qg8 40. Rg1 Qh7 41. Rgg6 e3 42. Re6+ Kd7 43. Rd6+ Kc8 44. Rdf6 e2 45. Rf8+
Kd7 46. Rd6+ Ke7 47. Rdf6 Qe4+ 48. Kg1 e1=Q+ 49. Rf1 0-1

[Event "8. Lovsprings EMT Basis 3 1996"]
[Site "Ringsted"]
[Date "1996.04.12"]
[Round "5"]
[White "Hansen, Leif"]
[Black "Petersen, Torben William"]
[Result "0-1"]
[WhiteElo "1328"]
[BlackElo "1248"]
[PlyCount "46"]
[EventDate "1996.??.??"]

1. g3 d5 2. Bg2 c6 3. Nf3 Nf6 4. d4 e6 5. c3 Ne4 6. Nbd2 f5 7. Nxe4 fxe4 8. Bg5
Be7 9. Bxe7 Qxe7 10. Ne5 Nd7 11. f4 g5 12. e3 gxf4 13. Qh5+ Kd8 14. Nf7+ Kc7
15. Nxh8 f3 16. Bh3 Nf6 17. Qe5+ Kb6 18. b4 Bd7 19. c4 Qxb4+ 20. Kf2 Qd2+ 21.
Kg1 Qxe3+ 22. Kf1 Qe2+ 23. Kg1 f2+ 0-1

[Event "8. Lovsprings EMT Basis 3 1996"]
[Site "Ringsted"]
[Date "1996.04.12"]
[Round "5"]
[White "Jensen, Finn Anker"]
[Black "Nielsen, Poul Erik2"]
[Result "0-1"]
[WhiteElo "1251"]
[BlackElo "1436"]
[PlyCount "64"]
[EventDate "1996.??.??"]

1. c4 c5 2. Nf3 e6 3. g3 d5 4. cxd5 exd5 5. d4 Nc6 6. Bg2 Nf6 7. Ne5 Nxd4 8.
Nc3 Be6 9. Bg5 Be7 10. e3 Nc6 11. Nxc6 bxc6 12. e4 d4 13. e5 Nd5 14. Bxe7 Qxe7
15. Ne4 O-O 16. O-O Bf5 17. f4 Ne3 18. Qh5 Bg6 19. Qe2 Nxf1 20. Rxf1 Rad8 21.
f5 d3 22. Qd2 Bh5 23. f6 Qxe5 24. fxg7 Be2 25. gxf8=Q+ Kxf8 26. Qh6+ Qg7 27.
Rxf7+ Kxf7 28. Qf4+ Kg8 29. Qh4 Rf8 30. Nd2 Qxb2 31. Bxc6 Qxd2 32. Be4 Qe1+ 0-1

[Event "8. Lovsprings EMT Basis 3 1996"]
[Site "Ringsted"]
[Date "1996.04.12"]
[Round "5"]
[White "Jensen, Theis"]
[Black "Hansen, John Brangstrup"]
[Result "1-0"]
[WhiteElo "1469"]
[BlackElo "1335"]
[PlyCount "67"]
[EventDate "1996.??.??"]

1. Nf3 Nf6 2. c4 d6 3. d4 g6 4. g3 Bg7 5. Bg2 O-O 6. O-O c5 7. e3 Na6 8. a3 Rb8
9. b4 cxb4 10. axb4 b5 11. cxb5 Rxb5 12. Bd2 Rb8 13. Qe2 Qb6 14. Na3 Nxb4 15.
Bxb4 Ba6 16. Nc4 Bxc4 17. Qxc4 Rfc8 18. Bc5 dxc5 19. Ne5 e6 20. Rfb1 Qc7 21.
Rxb8 Qxb8 22. Nc6 Qc7 23. Rxa7 Qd6 24. Ne7+ Kh8 25. Nxc8 Qb8 26. Qa2 Qb4 27.
Nd6 h5 28. Nxf7+ Kh7 29. Ng5+ Kh6 30. Nxe6 cxd4 31. Rxg7 dxe3 32. Qe2 exf2+ 33.
Qxf2 Ng4 34. Rh7+ 1-0

[Event "8. Lovsprings EMT Basis 3 1996"]
[Site "Ringsted"]
[Date "1996.04.12"]
[Round "5"]
[White "Moller, Claus"]
[Black "Olsen, Brian"]
[Result "1/2-1/2"]
[WhiteElo "1428"]
[BlackElo "1364"]
[PlyCount "100"]
[EventDate "1996.??.??"]

1. e4 e6 2. d4 d5 3. e5 Bb4+ 4. c3 Ba5 5. Qa4+ c6 6. Nf3 Bb6 7. Be2 Ne7 8. Bg5
O-O 9. O-O Nd7 10. Qa3 f6 11. Bh4 Nf5 12. Bg3 Nxg3 13. hxg3 fxe5 14. dxe5 Bc7
15. Re1 Nxe5 16. Nbd2 Qf6 17. Nxe5 Bxe5 18. Nf3 Bc7 19. Rad1 e5 20. Rf1 e4 21.
Nd4 Bd7 22. Nc2 Bb6 23. Ne3 Bxe3 24. fxe3 Qg5 25. Rxf8+ Rxf8 26. Qxa7 Qxg3 27.
Rf1 Rxf1+ 28. Kxf1 Qc7 29. Qd4 Be6 30. b4 Qf7+ 31. Kg1 Qf6 32. Qc5 g5 33. Qd6
Qf7 34. Qd8+ Qf8 35. Qxg5+ Qg7 36. Qd8+ Qf8 37. Qxf8+ Kxf8 38. a4 Ke7 39. Kh2
Kf6 40. Kg3 Kg5 41. a5 Bd7 42. c4 dxc4 43. Bxc4 Bc8 44. Be2 Bd7 45. Kf2 Be6 46.
g3 Bd7 47. Ke1 h6 48. Kd2 Bg4 49. a6 bxa6 50. Bxa6 Bd7 1/2-1/2

[Event "8. Lovsprings EMT Basis 3 1996"]
[Site "Ringsted"]
[Date "1996.04.12"]
[Round "5"]
[White "Mortensen, Orla Lind"]
[Black "Henriksen, Kasper"]
[Result "1-0"]
[WhiteElo "1453"]
[BlackElo "1424"]
[PlyCount "75"]
[EventDate "1996.??.??"]

1. e4 c5 2. Nf3 d6 3. d4 cxd4 4. Nxd4 Nf6 5. Nc3 g6 6. Be2 Bg7 7. O-O O-O 8.
Be3 Nc6 9. Kh1 a6 10. f4 Qa5 11. Nb3 Qc7 12. Rb1 e6 13. a4 b6 14. Bf3 Bb7 15.
Ne2 e5 16. Nc3 Nb4 17. Rc1 Rfd8 18. Nd5 Nbxd5 19. exd5 e4 20. Be2 Nxd5 21. Bd4
Bh6 22. g3 Re8 23. c4 Nb4 24. Kg1 Nd3 25. Rc2 Nc5 26. Nxc5 dxc5 27. Be5 Qc6 28.
Rd2 Bf8 29. Rd7 f6 30. Bxf6 Bc8 31. Rd8 Bh3 32. Rxa8 Rxa8 33. Re1 Qxf6 34. Qd5+
Kg7 35. Qb7+ Kh6 36. Qxa8 Qd4+ 37. Kh1 Qf2 38. Qxf8# 1-0

[Event "8. Lovsprings EMT Basis 3 1996"]
[Site "Ringsted"]
[Date "1996.04.12"]
[Round "5"]
[White "Nielsen, Kurt"]
[Black "Krag Jacobsen, Alan"]
[Result "0-1"]
[WhiteElo "1332"]
[BlackElo "1428"]
[PlyCount "54"]
[EventDate "1996.??.??"]

1. d4 d5 2. Nf3 Nf6 3. c4 e6 4. Nc3 c6 5. Bg5 Be7 6. e3 Nbd7 7. Bd3 h6 8. Bh4
O-O 9. cxd5 exd5 10. O-O Re8 11. Rc1 Nf8 12. h3 Be6 13. Qb3 Qc8 14. Ne2 N8h7
15. Bg3 Ne4 16. Qc2 Nhf6 17. Bh2 Bxh3 18. gxh3 Qxh3 19. Ng3 Bd6 20. Ne5 Bxe5
21. dxe5 Ng4 22. f4 Nxg3 23. Rf3 Nxh2 24. Qxh2 Qxh2+ 25. Kxh2 Ne4 26. Rg1 Rad8
27. Rh3 Nf2 0-1

[Event "8. Lovsprings EMT Basis 3 1996"]
[Site "Ringsted"]
[Date "1996.04.12"]
[Round "5"]
[White "Nilsson, Jonas Gosta"]
[Black "Lassur, Benjamin"]
[Result "0-1"]
[WhiteElo "1270"]
[BlackElo "1439"]
[PlyCount "104"]
[EventDate "1996.??.??"]

1. e4 d5 2. exd5 Qxd5 3. Nc3 Qa5 4. d4 Nf6 5. Bd2 c6 6. Bd3 e6 7. Nge2 Qc7 8.
Ne4 Nxe4 9. Bxe4 Nd7 10. c3 Nf6 11. Bf3 Bd6 12. Qc2 Bd7 13. O-O-O O-O-O 14. h3
Qb6 15. c4 Qa6 16. Kb1 Kb8 17. c5 Bc7 18. Nc3 Qc4 19. Ne4 Qxc2+ 20. Kxc2 Bc8
21. Bg5 Nxe4 22. Bxd8 Nxf2 23. Bxc7+ Kxc7 24. Rhf1 Nxd1 25. Bxd1 f6 26. Re1 Kd7
27. Kc3 Ke7 28. Bb3 Rd8 29. g4 g5 30. h4 gxh4 31. Rh1 Kf7 32. Rxh4 Kg7 33. Rh5
h6 34. Rh2 Re8 35. Bd1 e5 36. Bf3 exd4+ 37. Kxd4 Re1 38. Be4 Bxg4 39. Rg2 h5
40. Bf5 Re2 41. Rxe2 Bxe2 42. Bc8 b6 43. Bd7 Bf3 44. a4 h4 45. b4 Bg2 46. b5
bxc5+ 47. Kxc5 cxb5 48. Kxb5 h3 49. Bxh3 Bxh3 50. Ka6 Bg2 51. Kxa7 Be4 52. a5
f5 0-1

[Event "8. Lovsprings EMT Basis 3 1996"]
[Site "Ringsted"]
[Date "1996.04.12"]
[Round "5"]
[White "Pedersen, Lars"]
[Black "Laugesen, Kristian"]
[Result "1-0"]
[WhiteElo "1400"]
[BlackElo "1356"]
[PlyCount "81"]
[EventDate "1996.??.??"]

1. d4 d5 2. e4 dxe4 3. Nc3 Nf6 4. f3 exf3 5. Nxf3 Bg4 6. h3 Bxf3 7. Qxf3 c6 8.
Qf2 e6 9. Bd3 g6 10. O-O Bg7 11. Bg5 Nbd7 12. Ne4 O-O 13. Nxf6+ Nxf6 14. Bxf6
Bxf6 15. Qxf6 Qd7 16. Rad1 Rad8 17. c3 Qd5 18. a3 Qb3 19. Rd2 Qb6 20. Be4 c5
21. dxc5 Qxc5+ 22. Qf2 Qxf2+ 23. Rfxf2 Rxd2 24. Rxd2 b6 25. Rd7 f5 26. Bd3 Rf7
27. Rxf7 Kxf7 28. Kf2 Kf6 29. Ke3 e5 30. c4 Ke6 31. b4 h5 32. g3 Kd6 33. Bc2 a5
34. Ba4 g5 35. Be8 h4 36. gxh4 gxh4 37. Bg6 f4+ 38. Ke4 axb4 39. axb4 Ke6 40.
Bh5 Kf6 41. Bg4 1-0

[Event "8. Lovsprings EMT Basis 3 1996"]
[Site "Ringsted"]
[Date "1996.04.19"]
[Round "6"]
[White "Hansen, John Brangstrup"]
[Black "Petersen, Torben William"]
[Result "1-0"]
[WhiteElo "1335"]
[BlackElo "1248"]
[PlyCount "81"]
[EventDate "1996.??.??"]

1. d4 d5 2. c4 e6 3. Nc3 c6 4. Nf3 Nf6 5. Bg5 Bb4 6. Qc2 Nbd7 7. a3 Qa5 8. Rc1
Bxc3+ 9. Qxc3 Qxc3+ 10. bxc3 dxc4 11. e3 b5 12. g3 O-O 13. Bg2 Ne4 14. Bf4 c5
15. Nd2 f5 16. Nxe4 Bb7 17. Nf6+ Rxf6 18. Bxb7 Raf8 19. Bc6 e5 20. Bd5+ Kh8 21.
dxe5 Ra6 22. Ra1 Re8 23. e6 Nf6 24. Bg2 Rexe6 25. O-O Ne4 26. Rfd1 h6 27. Bxe4
Rxe4 28. Rd5 b4 29. f3 Ree6 30. Rxc5 bxa3 31. Be5 Kh7 32. Bd4 a2 33. Rc7 Rg6
34. Rxc4 f4 35. exf4 Rge6 36. Kf2 Re7 37. Rb4 Kg6 38. Rb2 Kf5 39. Rbxa2 Rae6
40. Ra5+ Kg6 41. f5+ 1-0

[Event "8. Lovsprings EMT Basis 3 1996"]
[Site "Ringsted"]
[Date "1996.04.19"]
[Round "6"]
[White "Krag Jacobsen, Alan"]
[Black "Pedersen, Lars"]
[Result "0-1"]
[WhiteElo "1428"]
[BlackElo "1400"]
[PlyCount "136"]
[EventDate "1996.??.??"]

1. b3 d5 2. Bb2 Nc6 3. e3 Bf5 4. d3 e5 5. Nd2 Nf6 6. Ngf3 Bd6 7. g3 Qe7 8. Bg2
Bg4 9. Qc1 O-O-O 10. O-O h5 11. h4 Nh7 12. Nh2 Qe6 13. Nxg4 hxg4 14. a3 g5 15.
hxg5 Nxg5 16. Re1 Rh5 17. Kf1 Rdh8 18. Ke2 Qf5 19. Rh1 Nh3 20. Qf1 Re8 21. Bxd5
Bc5 22. Qg2 Qd7 23. Raf1 f5 24. Kd1 Na5 25. b4 e4 26. dxe4 fxe4 27. Bxe4 Rd8
28. Bd3 Rd5 29. bxa5 Rxd3 30. cxd3 Qxd3 31. Kc1 Qxd2+ 32. Kb1 Qd3+ 33. Ka1 Bxa3
34. Rb1 Bxb2+ 35. Rxb2 Qa3+ 36. Ra2 Qc3+ 37. Rb2 Rd2 38. Qxb7+ Kd7 39. Qb5+ c6
40. Qb7+ Ke8 41. Qb8+ Kd7 42. Qxa7+ Ke6 43. Qb6 Qa3+ 44. Kb1 Qd3+ 45. Ka2 Qd5+
46. Ka1 Qxh1+ 47. Rb1 Qd5 48. Rb2 Rd1+ 49. Rb1 Qe5+ 50. Ka2 Rd2+ 51. Rb2 Rxb2+
52. Qxb2 Qxa5+ 53. Kb1 Qb5 54. Ka2 Qxb2+ 55. Kxb2 Nxf2 56. Kc2 Ne4 57. Kd3 Nxg3
58. Kd2 Ke5 59. Ke1 c5 60. Kf2 c4 61. Kxg3 c3 62. Kxg4 c2 63. Kf3 c1=Q 64. Ke2
Ke4 65. Kf2 Qxe3+ 66. Kg2 Qf3+ 67. Kh2 Qg4 68. Kh1 Kf3 0-1

[Event "8. Lovsprings EMT Basis 3 1996"]
[Site "Ringsted"]
[Date "1996.04.19"]
[Round "6"]
[White "Lassur, Benjamin"]
[Black "Moller, Claus"]
[Result "1-0"]
[WhiteElo "1439"]
[BlackElo "1428"]
[PlyCount "75"]
[EventDate "1996.??.??"]

1. c4 c5 2. Nc3 Nc6 3. g3 g6 4. Bg2 Bg7 5. Nf3 Nf6 6. O-O O-O 7. d3 d6 8. Bg5
Rb8 9. Qd2 Bd7 10. Bh6 Qc8 11. Bxg7 Kxg7 12. Ng5 e6 13. Nge4 Nxe4 14. Nxe4 d5
15. cxd5 Ne7 16. dxe6 Bxe6 17. Qc3+ f6 18. Qxc5 Nc6 19. Rfc1 Rd8 20. Qa3 Qd7
21. Nc5 Qe7 22. Nxe6+ Qxe6 23. Bxc6 bxc6 24. Qxa7+ Kg8 25. Rc2 Rb5 26. Qa6 Rdb8
27. b3 R8b6 28. Qa8+ Kg7 29. Rac1 Qh3 30. Rxc6 Rb8 31. Rc7+ Kh6 32. Qa7 Rh8 33.
Qe3+ g5 34. Qe7 Rf5 35. Qg7+ Kh5 36. Qxh7+ Kg4 37. f3+ Rxf3 38. exf3+ 1-0

[Event "8. Lovsprings EMT Basis 3 1996"]
[Site "Ringsted"]
[Date "1996.04.19"]
[Round "6"]
[White "Laugesen, Kristian"]
[Black "Nielsen, Kurt"]
[Result "1-0"]
[WhiteElo "1356"]
[BlackElo "1332"]
[PlyCount "49"]
[EventDate "1996.??.??"]

1. e4 c5 2. Nf3 d6 3. c3 Nc6 4. Bc4 g6 5. b4 Bg7 6. bxc5 dxc5 7. Ba3 Na5 8.
Bb5+ Bd7 9. Bxd7+ Qxd7 10. Bxc5 Qc6 11. Bd4 Bxd4 12. Nxd4 Qxe4+ 13. Qe2 Qxg2
14. Qb5+ Nc6 15. Rf1 Qe4+ 16. Kd1 Qg4+ 17. Kc1 Qd7 18. Nxc6 bxc6 19. Qe5 Nf6
20. Re1 Rc8 21. Na3 Rc7 22. Rb1 O-O 23. f3 Rd8 24. Nc4 Qd5 25. Qxc7 1-0

[Event "8. Lovsprings EMT Basis 3 1996"]
[Site "Ringsted"]
[Date "1996.04.19"]
[Round "6"]
[White "Mortensen, Orla Lind"]
[Black "Jensen, Theis"]
[Result "0-1"]
[WhiteElo "1453"]
[BlackElo "1469"]
[PlyCount "74"]
[EventDate "1996.??.??"]

1. e4 a6 2. d4 b5 3. Nf3 e6 4. Be3 Nf6 5. Bd3 Bb7 6. Nbd2 Be7 7. O-O O-O 8. Ne5
d6 9. Ng4 Nbd7 10. f4 c5 11. c3 c4 12. Bc2 d5 13. e5 Ne8 14. f5 exf5 15. Bxf5
g6 16. Bc2 f5 17. Nh6+ Kg7 18. Nxf5+ gxf5 19. Qh5 Kh8 20. Rxf5 Ng7 21. Rxf8+
Nxf8 22. Qh3 Qe8 23. Rf1 Ng6 24. Nf3 Bc8 25. Qh6 Bf5 26. Bd1 Bd3 27. Rf2 Nf5
28. Qh3 Nxe3 29. Ng5 Bxg5 30. Bh5 Qe7 31. Bxg6 Bxg6 32. Qf3 Be4 33. Qh5 Rf8 34.
Qe2 Rxf2 35. Qxf2 Nf5 36. Qe2 Qg7 37. Kf1 Bd3 0-1

[Event "8. Lovsprings EMT Basis 3 1996"]
[Site "Ringsted"]
[Date "1996.04.19"]
[Round "6"]
[White "Nielsen, Poul Erik2"]
[Black "Henriksen, Kasper"]
[Result "0-1"]
[WhiteElo "1436"]
[BlackElo "1424"]
[PlyCount "80"]
[EventDate "1996.??.??"]

1. c4 g6 2. d4 Nf6 3. Nc3 Bg7 4. Bf4 c6 5. h3 Qa5 6. Qd2 d5 7. cxd5 Nxd5 8.
Nxd5 Qxd5 9. e3 O-O 10. Nf3 Bf5 11. b3 b5 12. Rc1 Be4 13. Be2 Na6 14. O-O Rfd8
15. Rfd1 Rac8 16. Qa5 Nb8 17. Rc5 Qd7 18. Ng5 Bd5 19. Nf3 Qb7 20. Ne1 Nd7 21.
Rc2 Qb6 22. Qd2 e5 23. dxe5 Nxe5 24. Qc1 Be4 25. Rxd8+ Rxd8 26. Rc5 Nd7 27. Rg5
Bf6 28. f3 Bf5 29. g4 Be6 30. Nd3 h6 31. Re5 Nxe5 32. Nxe5 Rd5 33. Nd3 g5 34.
Bg3 Qa5 35. Kf2 Qxa2 36. Nb4 Qd2 37. Qa3 Bc3 38. Nxd5 Qe1+ 39. Kg2 Qxe2+ 40.
Bf2 Bxd5 0-1

[Event "8. Lovsprings EMT Basis 3 1996"]
[Site "Ringsted"]
[Date "1996.04.19"]
[Round "6"]
[White "Nilsson, Jonas Gosta"]
[Black "Olsen, Brian"]
[Result "1/2-1/2"]
[WhiteElo "1270"]
[BlackElo "1364"]
[PlyCount "68"]
[EventDate "1996.??.??"]

1. b4 d5 2. Bb2 Bf5 3. e3 Nd7 4. Nf3 e6 5. c4 Ngf6 6. a3 c6 7. Nc3 Bd6 8. c5
Be7 9. Be2 O-O 10. O-O b6 11. d4 Rb8 12. Bd3 Bxd3 13. Qxd3 bxc5 14. dxc5 Bxc5
15. Qc2 Bd6 16. Ne2 Qc7 17. Rac1 Rfc8 18. Ned4 c5 19. bxc5 Qxc5 20. Qd3 Qb6 21.
Rxc8+ Rxc8 22. Rb1 Qd8 23. Nb3 Bf8 24. h3 g6 25. Ne5 Nxe5 26. Bxe5 Bxa3 27. Ra1
Bd6 28. Bb2 Rc7 29. Bc3 Qe7 30. f4 e5 31. Re1 e4 32. Qd4 Rxc3 33. Qxc3 Bb4 34.
Qc8+ Kg7 1/2-1/2

[Event "8. Lovsprings EMT Basis 3 1996"]
[Site "Ringsted"]
[Date "1996.04.26"]
[Round "7"]
[White "Henriksen, Kasper"]
[Black "Krag Jacobsen, Alan"]
[Result "1-0"]
[WhiteElo "1424"]
[BlackElo "1428"]
[PlyCount "63"]
[EventDate "1996.??.??"]

1. e4 c5 2. Nf3 d6 3. d4 cxd4 4. Nxd4 Nf6 5. Nc3 a6 6. Be3 b5 7. a4 b4 8. Nd5
Nxd5 9. exd5 Bb7 10. Bc4 Qc7 11. b3 Nd7 12. Qd2 Qa5 13. Nc6 Bxc6 14. dxc6 Ne5
15. Rd1 Nxc4 16. bxc4 Rc8 17. Rb1 Qxa4 18. Rxb4 Qxc6 19. O-O a5 20. Rb6 Qxc4
21. Qxa5 g6 22. Qa1 f6 23. Rb7 Bg7 24. Qa7 Bf8 25. Re1 h5 26. Bh6 e5 27. Bxf8
Kxf8 28. Rg7 Re8 29. Rb1 Qd5 30. h3 e4 31. Rb8 Qe6 32. Rbb7 1-0

[Event "8. Lovsprings EMT Basis 3 1996"]
[Site "Ringsted"]
[Date "1996.04.26"]
[Round "7"]
[White "Jensen, Finn Anker"]
[Black "Pedersen, Lars"]
[Result "0-1"]
[WhiteElo "1251"]
[BlackElo "1400"]
[PlyCount "92"]
[EventDate "1996.??.??"]

1. c4 Nf6 2. Nc3 e6 3. d4 d5 4. b3 Bb4 5. Bb2 O-O 6. Nf3 Nbd7 7. a3 Be7 8. g3
dxc4 9. bxc4 c5 10. e3 b6 11. Bg2 Bb7 12. O-O cxd4 13. exd4 Rc8 14. Nd2 Bxg2
15. Kxg2 Qc7 16. a4 Ne8 17. Re1 Ndf6 18. Rc1 Nd6 19. d5 Nxc4 20. Nxc4 Qxc4 21.
d6 Qc6+ 22. f3 Qxd6 23. Nb5 Qxd1 24. Rexd1 a6 25. Na7 Rxc1 26. Rxc1 Nd5 27. Bd4
Ra8 28. Nc6 b5 29. axb5 axb5 30. Rb1 Rc8 31. Nxe7+ Nxe7 32. Rxb5 f6 33. h4 Rc7
34. h5 Kf7 35. g4 g6 36. f4 Rd7 37. Be3 Rd5 38. Rb7 gxh5 39. g5 f5 40. Rc7 Ke8
41. Bc5 Rd7 42. Rxd7 Kxd7 43. Bd4 Ng6 44. Be3 Kd6 45. Bd4 Kd5 46. Bf6 Nxf4+ 0-1

[Event "8. Lovsprings EMT Basis 3 1996"]
[Site "Ringsted"]
[Date "1996.04.26"]
[Round "7"]
[White "Mortensen, Orla Lind"]
[Black "Hansen, Leif"]
[Result "1-0"]
[WhiteElo "1453"]
[BlackElo "1328"]
[PlyCount "127"]
[EventDate "1996.??.??"]

1. e4 Nc6 2. d4 e6 3. Nf3 d5 4. e5 Nge7 5. Bd3 Nf5 6. c3 Be7 7. Qc2 O-O 8. Bf4
g6 9. Nbd2 Nh4 10. Nxh4 Bxh4 11. g3 Bg5 12. h4 Bxf4 13. gxf4 Ne7 14. O-O-O Bd7
15. h5 Qe8 16. hxg6 fxg6 17. Rh4 Nf5 18. Rg4 Rf7 19. Nf3 Bb5 20. Bxb5 Qxb5 21.
Ng5 Nh6 22. Rh4 Nf5 23. Rh2 Re7 24. Rdh1 h6 25. Nf3 Kg7 26. Nh4 Rh8 27. Nxf5+
exf5 28. f3 Qd7 29. Rg2 Qe6 30. Rhg1 Rf7 31. Rg3 h5 32. Qg2 Rh6 33. Rh3 Re7 34.
Qg5 Kh7 35. Qh4 Rg7 36. Qf2 Qe7 37. Qd2 c5 38. Kb1 c4 39. Qg2 b5 40. Qg5 a5 41.
Qxe7 Rxe7 42. Re1 Kg7 43. Rh2 Re6 44. Kc2 Rh8 45. Rg1 Kf7 46. Rb1 Rb6 47. a3 a4
48. Re2 Ke6 49. Rg2 Rh6 50. Rbg1 Kf7 51. Rg5 Rb8 52. Kd2 Rbh8 53. Re1 h4 54.
Rh1 h3 55. Rh2 Rh4 56. Ke3 R8h5 57. Rxh5 Rxh5 58. Kf2 g5 59. Kg3 gxf4+ 60. Kxf4
Kg6 61. Kg3 Kg5 62. f4+ Kg6 63. Rxh3 Rxh3+ 64. Kxh3 1-0

[Event "8. Lovsprings EMT Basis 3 1996"]
[Site "Ringsted"]
[Date "1996.04.26"]
[Round "7"]
[White "Nilsson, Jonas Gosta"]
[Black "Moller, Claus"]
[Result "1/2-1/2"]
[WhiteElo "1270"]
[BlackElo "1428"]
[PlyCount "125"]
[EventDate "1996.??.??"]

1. e4 e6 2. Nf3 d5 3. e5 c5 4. d4 Nc6 5. Be3 Qb6 6. b3 cxd4 7. Bxd4 Nxd4 8.
Nxd4 Bc5 9. c3 Qc7 10. Bb5+ Bd7 11. Bxd7+ Kxd7 12. Nf3 Ne7 13. O-O Ng6 14. b4
Bb6 15. Re1 h6 16. Qd3 Rac8 17. a4 a5 18. Qb5+ Ke7 19. Ra3 Rhd8 20. Nbd2 d4 21.
bxa5 Bxa5 22. cxd4 Bxd2 23. Nxd2 Rxd4 24. Nf3 Rd5 25. Qb4+ Qc5 26. Qxb7+ Rc7
27. Qb3 Nxe5 28. Nxe5 Rxe5 29. Raa1 Re2 30. Rf1 Ra7 31. Rad1 Re4 32. Qd3 f5 33.
Qd8+ Kf7 34. Rd7+ Rxd7 35. Qxd7+ Kg8 36. h3 Qa3 37. Qd8+ Kh7 38. a5 Ra4 39. Qb6
Rxa5 40. Qxe6 Qc5 41. Qd7 Ra2 42. Qe6 Rc2 43. Qd7 Qe5 44. Qd3 Re2 45. Kh1 g5
46. g4 Qe4+ 47. Qxe4 Rxe4 48. f3 Rf4 49. Kg2 Kg6 50. Rd1 fxg4 51. fxg4 Rf6 52.
Rd5 h5 53. gxh5+ Kxh5 54. Kg3 Ra6 55. Rd3 Ra1 56. Rc3 Rg1+ 57. Kf2 Rd1 58. Kg2
Rd4 59. Kg3 Rd5 60. Re3 Kg6 61. Rf3 Rc5 62. h4 gxh4+ 63. Kxh4 1/2-1/2

[Event "8. Lovsprings EMT Basis 3 1996"]
[Site "Ringsted"]
[Date "1996.04.26"]
[Round "7"]
[White "Olsen, Brian"]
[Black "Nielsen, Poul Erik2"]
[Result "1-0"]
[WhiteElo "1364"]
[BlackElo "1436"]
[PlyCount "39"]
[EventDate "1996.??.??"]

1. e4 c5 2. Nf3 d6 3. Nc3 a6 4. d4 cxd4 5. Nxd4 g6 6. Be3 Bg7 7. Nd5 Nf6 8.
Nxf6+ Bxf6 9. c3 O-O 10. Bd3 Nc6 11. O-O Bd7 12. Qd2 Ne5 13. Be2 Rc8 14. f4 Nc4
15. Bxc4 Rxc4 16. f5 Bg7 17. Kh1 Qa5 18. Rf2 Qc7 19. Bh6 Bxd4 20. Bxf8 1-0